All sonic xbox 360 games - Statistics

General Stats
  • This quiz has been taken 9 times
  • The average score is 14 of 21
Answer Stats
Answer % Correct
Sonic 2
100%
Sonic adventure
100%
Sonic adventure 2
100%
Sonic and sega all stars racing
100%
Sonic cd
100%
Sonic unleashed
100%
Sega superstars tennis
67%
Sonic 06
67%
Sonic 1
67%
Sonic 3
67%
Sonic 4 episode 1
67%
Sonic 4 episode 2
67%
Sonic and all stars racing transformed
67%
Sonic and knuckles
67%
Sonic free riders
67%
Sonic generations
67%
Sonic the fighters
67%
Dreamcast collection
33%
Sonic's ultimate Genesis collection
33%
Sonic 4 episode metal
0%
Sonic x vapor
0%
No matching quizzes found
Score Distribution
Percent of People with Each Score
Percentile by Number Answered
Your Score History
You have not taken this quiz